00704nam a2200241 a 4500001001300000003000900013005001700022008004100039020002200080082001700102100002300119245002700142260002500169300000900194500003500203505001700238650002400255700002300279902000800302942000700310952012800317999001700445nice12345678IN_TiNIC20260116013300.0050524s1999 dela grp 000 0 eng  a8172143 c6500a230.046bTHU aThumma, Anthoniraj aVoices of the Victims. aDelhi bISPCK c1999 a123p aincludes index and biblioraphy2 aBibliography aLiberation-Theology1 aThumma, Anthoniraj bSRS cBK 001040708StackRoom-aHMIbHMId2007-06-13g65.00l4o230.046 THUp019570r2023-09-12s2023-07-12v65.00w2005-05-24yBK c10395d10395